<?xml version="1.0" encoding="UTF-8"?>
<record
    xmlns:xsi="http://www.w3.org/2001/XMLSchema-instance"
    xsi:schemaLocation="http://www.loc.gov/MARC21/slim http://www.loc.gov/standards/marcxml/schema/MARC21slim.xsd"
    xmlns="http://www.loc.gov/MARC21/slim">

  <leader>05699nam a22002897a 4500</leader>
  <controlfield tag="003">DO-SdBNP</controlfield>
  <controlfield tag="005">20210421103034.0</controlfield>
  <controlfield tag="008">210312b 2006 dr| 00| 0 spa d</controlfield>
  <datafield tag="020" ind1=" " ind2=" ">
    <subfield code="a">9993439444</subfield>
  </datafield>
  <datafield tag="040" ind1=" " ind2=" ">
    <subfield code="a">BPMSU</subfield>
    <subfield code="b">spa</subfield>
    <subfield code="c">BPMSU</subfield>
  </datafield>
  <datafield tag="082" ind1=" " ind2=" ">
    <subfield code="a">972.9373</subfield>
    <subfield code="b">B142h</subfield>
    <subfield code="2">22</subfield>
  </datafield>
  <datafield tag="100" ind1="1" ind2=" ">
    <subfield code="a">B&#xE1;ez Melo,Juan E,</subfield>
    <subfield code="d">1948 -</subfield>
  </datafield>
  <datafield tag="245" ind1=" " ind2=" ">
    <subfield code="a">Los Hijos de Matanzas :</subfield>
    <subfield code="b">Inventario geneal&#xF3;gico de una comunidad banileja /</subfield>
    <subfield code="c">Juan E. B&#xE1;ez Melo  </subfield>
  </datafield>
  <datafield tag="260" ind1=" " ind2=" ">
    <subfield code="a">Santo Domingo : </subfield>
    <subfield code="3">Librer&#xED;a la Trinitaria, </subfield>
    <subfield code="c">2006.</subfield>
  </datafield>
  <datafield tag="300" ind1=" " ind2=" ">
    <subfield code="a">414 p. :</subfield>
    <subfield code="b">ils. ;</subfield>
    <subfield code="c">25 cm.</subfield>
  </datafield>
  <datafield tag="500" ind1=" " ind2=" ">
    <subfield code="3">incluye datos biogr&#xE1;ficos del autor en la solapa  de la cubiertas </subfield>
  </datafield>
  <datafield tag="500" ind1=" " ind2=" ">
    <subfield code="3">Incluye &#xED;ndice </subfield>
  </datafield>
  <datafield tag="504" ind1=" " ind2=" ">
    <subfield code="a">incluye referencia bibliogr&#xE1;fica en las p. 413 -414 </subfield>
  </datafield>
  <datafield tag="505" ind1=" " ind2=" ">
    <subfield code="8">Abreu -- B&#xE1;ez -- Descendencia de Andr&#xE9;s B&#xE1;ez Ortiz -- Descendientes de Manuel de Regla B&#xE1;ez Tejeda (Sant&#xED;n) -- Descendientes de Cruz Mar&#xED;a B&#xE1;ez Tejeda (Mac&#xFA;) -- Descendientes Jos&#xE9; Francisco B&#xE1;ez Tejeda (Pancho) -- Descendientes de Manuel Clodomiro B&#xE1;ez Tejeda (Mir) -- Descendencia de Herminia B&#xE1;ez Ortiz -- Descendientes de Jos&#xE9; Ram&#xF3;n B&#xE1;ez (Mon B&#xE1;ez) -- Descendientes de Felipe Erasmo B&#xE1;ez -- Barias -- Bautista -- Canario -- Contreras -- De Jes&#xFA;s -- De los Santos -- Familia -- Garc&#xED;a -- Guerrero -- Descendencia de Fidel Justino Guerrero Tejeda -- Descendientes de Jos&#xE9; Dolores Guerrero Soto (Lol&#xF3;) -- Descendencia de Francisco Alberto Guerrero Ortiz (Pancho) -- Descendencia de Jos&#xE9; Altagracia Guerrero -- Descendencia de Juan Pablo Guerrero Tejeda -- Descendientes de Manuel Mar&#xED;a Guerrero Guerrero (May&#xED;a) -- Descendientes Eugenio Aquiles Guerrero Guerrero (Quilo) -- Descendientes de Jos&#xE9; Dolores Guerrero Guerrero (Lolocito) -- Descendientes de Juan Pablo Guerrero Guerrero -- Herrera -- Ledesma -- Descendientes de F&#xE9;lix Mar&#xED;a Ledesma Melo -- Descendientes de Manuel An&#xED;bal Ledesma Melo -- Mart&#xED;nez -- Descendientes de Carlos Manuel Mart&#xED;nez Melo (Lico) -- Descendientes de Ram&#xF3;n Mar&#xED;a Mart&#xED;nez Melo (Mon) -- Descendientes de Estanislao Mart&#xED;nez Melo (Tano) -- Descendientes de Andrea Mart&#xED;nez Melo (Merengue) -- Descendientes de Luis Mar&#xED;a Mart&#xED;nez Melo -- Otros Mart&#xED;nez -- Descendientes de Manuel Eligio Mast&#xED;nez Villalona -- Descendientes de Juan Bautista Mart&#xED;nez B&#xE1;ez (Niningo) -- Melo -- Descendencia de Andr&#xE9;s Antonio melo Tejeda (Cunc&#xFA;n) -- Descendencia de Daniel Melo Ortiz -- Descendencia de F&#xE9;lix Gregorio Melo Tejeda (Goyo) --
Descendencia de Jos&#xE9; Ignacio Melo Melo (Colego) -- Descendencia de Jos&#xE9; Francisco Melo Ortiz (Sico) -- Descendencia de Jos&#xE9; Mar&#xED;a Melo B&#xE1;ez (&#xD1;o&#xF1;oro) -- Descendencia de Pedro Mar&#xED;a Melo Tejeda (Perico) -- Descendientes de Melqu&#xED;ades Melo Ortiz -- Descendientes de M&#xE9;ncido de los Santos Melo Ortiz -- Descendientes de Manuel Eliseo Melo Ortiz -- Descendientes Jos&#xE9; Manuel Melo Ortiz (Nen&#xE9; Perico) -- Descendientes Pedro Mar&#xED;a Melo Ortiz (Perico hijo) -- Descendientes de Eduardo Eligio Melo Ortiz -- Ortiz -- Descendencia de Celedorio Ortiz Tejeda -- Descendientes de Jos&#xE9; Altagracia Ortiz Soto -- Descendientes de Isa&#xED;as Ortiz Soto -- Descendientes de Domingo Antonio Ortiz Soto -- Descendientes de Carlos Ortiz Soto -- Descendencia de F&#xE9;lix Gregorio Ortiz Tejeda (Goyo) -- Descendencia de Jes&#xFA;s Mar&#xED;a Tejeda -- Descendientes de Manuel Enrique Ortiz Melo (Ique) -- Descendencia de Petronila Ortiz Tejeda -- Descendientes de Francisco Mateo Ortiz (Polilla) -- Descendientes de Julio Ortiz (Mano Julio) -- Descendientes de Luis Armando Ortiz (Mando) -- Descendientes de Rosa Julia Ortiz (Julia Pel&#xE1;) -- Descendientes de Fabio Ortiz (Tajuqu&#xE9;n) -- Descendientes de Jos&#xE9; Francisco Ortiz Melo (Cuc&#xFA;) -- Pe&#xF1;a -- Descendencia de &#xC1;ngel Mar&#xED;a Pe&#xF1;a (El moncho Pe&#xF1;a) -- Descendencia de Luis Pe&#xF1;a (Caballo) -- P&#xE9;rez -- Pimentel -- Descendencia de &#xC1;ngel Mar&#xED;a Pimentel Ortiz (&#xC1;ngel Pancho) -- Descendencia de Juan Bienvenido Pimentel Calder&#xF3;n -- Descendencia de Pedro Pimentel Guerrero -- Descendencia Ram&#xF3;n Arnoldo Pimentel G&#xF3;mez -- Descendientes de Eduardo Pimentel Guerrero -- Descendientes de Rafael Enrique Pimentel Guerrero (Cayito) -- Pujols -- S&#xE1;nchez -- Descendencia de V&#xED;ctor S&#xE1;nchez de Jes&#xFA;s -- Descendencia de Fernando S&#xE1;nchez D&#xED;az -- Santana -- Sanz -- Soto -- Descendencia de Enrique Soto B&#xE1;ez-- Descendientes de Miguel Soto Tejeda --
Descendientes de Manuel Enrique Soto Tejeda -- Descendientes de Manuel de Regla Soto Tejeda -- Descendientes de Ram&#xF3;n Eligio Soto Tejeda -- Tejada -- Descendencia de Jos&#xE9; Ram&#xF3;n Tejeda Vel&#xE1;squez -- Descendientes de F&#xE9;lix Manuel Tejeda Ortiz -- Descendientes de Pedro Mar&#xED;a Tejeda Ortiz (Casim&#xE1;n) -- Descendientes de Juan Pablo Tejeda Ortiz (Pao) -- Descendencia de Manuel Tejeda Vel&#xE1;squez -- Descendientes de Domingo Tejeda Melo -- Descendientes de Manuel Tejeda Melo (Manuelico) -- Descendientes de Carmenelia Tejeda Melo -- Descendientes de Javier Tejeda Melo -- Descendientes de Javier Tejeda Melo (Mano) -- Descendientes de Joaqu&#xED;n Tejeda Melo -- Descendientes de Vicente Tejeda Melo-- Villalona -- Ap&#xE9;ndices I: Documentos hist&#xF3;ricos -- Ap&#xE9;ndices II: Actividades econ&#xF3;micas de Matanzas durante la primera mitad del siglo XX -- Ap&#xE9;ndices III: Personajes, jocosidades y costumbres -- Ap&#xE9;ndices lV: Poetas de Matanzas -- Sangre en el puente -- La llama-- Diez canciones y un recuerdo -- Matanza -- Fotos -- Bibliograf&#xED;a.</subfield>
  </datafield>
  <datafield tag="590" ind1=" " ind2=" ">
    <subfield code="a">Inventariado, 2021/MC</subfield>
  </datafield>
  <datafield tag="650" ind1=" " ind2="4">
    <subfield code="a">Ciudades y pueblos</subfield>
    <subfield code="z">Rep&#xFA;blica Dominicana</subfield>
  </datafield>
  <datafield tag="651" ind1=" " ind2=" ">
    <subfield code="a">Matanzas, Ban&#xED; (Rep&#xFA;blica Dominicana)</subfield>
    <subfield code="x">Genealog&#xED;a</subfield>
  </datafield>
  <datafield tag="651" ind1=" " ind2="4">
    <subfield code="a">Matanzas, Ban&#xED; (Rep&#xFA;blica Dominicana)</subfield>
    <subfield code="x"> Historia local</subfield>
  </datafield>
  <datafield tag="651" ind1=" " ind2="4">
    <subfield code="a">Matanzas, Ban&#xED; (Rep&#xFA;blica Dominicana)</subfield>
    <subfield code="x">Vida social y costumbres</subfield>
  </datafield>
  <datafield tag="910" ind1=" " ind2=" ">
    <subfield code="a">MCabrera / VMateo </subfield>
  </datafield>
  <datafield tag="942" ind1=" " ind2=" ">
    <subfield code="2">ddc</subfield>
    <subfield code="c">BK</subfield>
  </datafield>
  <datafield tag="952" ind1=" " ind2=" ">
    <subfield code="0">0</subfield>
    <subfield code="1">0</subfield>
    <subfield code="2">ddc</subfield>
    <subfield code="4">0</subfield>
    <subfield code="7">0</subfield>
    <subfield code="8">CD</subfield>
    <subfield code="a">BPMET</subfield>
    <subfield code="b">BPMET</subfield>
    <subfield code="d">2021-03-12</subfield>
    <subfield code="e">Compra</subfield>
    <subfield code="l">0</subfield>
    <subfield code="o">BPMSU CD 972.9373 B142h 2006</subfield>
    <subfield code="p">BPMSU21030026</subfield>
    <subfield code="r">2021-03-12</subfield>
    <subfield code="w">2021-03-12</subfield>
    <subfield code="y">BK</subfield>
  </datafield>
  <datafield tag="952" ind1=" " ind2=" ">
    <subfield code="0">0</subfield>
    <subfield code="1">0</subfield>
    <subfield code="2">ddc</subfield>
    <subfield code="4">0</subfield>
    <subfield code="7">0</subfield>
    <subfield code="8">CD</subfield>
    <subfield code="a">BPMET</subfield>
    <subfield code="b">BPMET</subfield>
    <subfield code="d">2021-03-12</subfield>
    <subfield code="e">Compra</subfield>
    <subfield code="l">0</subfield>
    <subfield code="o">BPMSU CD 972.9373 B142h 2006</subfield>
    <subfield code="p">BPMSU21030027</subfield>
    <subfield code="r">2021-03-12</subfield>
    <subfield code="t">e.2</subfield>
    <subfield code="w">2021-03-12</subfield>
    <subfield code="y">BK</subfield>
  </datafield>
  <datafield tag="952" ind1=" " ind2=" ">
    <subfield code="0">0</subfield>
    <subfield code="1">0</subfield>
    <subfield code="2">ddc</subfield>
    <subfield code="4">0</subfield>
    <subfield code="7">0</subfield>
    <subfield code="8">CD</subfield>
    <subfield code="a">BPMET</subfield>
    <subfield code="b">BPMET</subfield>
    <subfield code="d">2021-03-12</subfield>
    <subfield code="e">Compra</subfield>
    <subfield code="l">0</subfield>
    <subfield code="o">BPMSU CD 972.9373 B142h 2006</subfield>
    <subfield code="p">BPMSU21030028</subfield>
    <subfield code="r">2021-03-12</subfield>
    <subfield code="t">e.3</subfield>
    <subfield code="w">2021-03-12</subfield>
    <subfield code="y">BK</subfield>
  </datafield>
  <datafield tag="999" ind1=" " ind2=" ">
    <subfield code="c">13395</subfield>
    <subfield code="d">13395</subfield>
  </datafield>
</record>
